Dualistic anionism and industrial realations
| Main Author: | |
|---|---|
| Format: | Book |
| Published: |
Philippines :
New Day Publishers ,
1990
|
| Subjects: |
MARC
| LEADER | 00000cam a2200000 7i4500 | ||
|---|---|---|---|
| 001 | 0000005121 | ||
| 002 | 000005530 | ||
| 005 | 20000330.0 | ||
| 020 | |a 9711004151 | ||
| 090 | 0 | 0 | |a 331 |b RAM |
| 100 | 1 | |a Ramos, Elias T | |
| 245 | 1 | 0 | |a Dualistic anionism and industrial realations |c Elias T.Ramos |
| 260 | |a Philippines : |b New Day Publishers , |c 1990 | ||
| 300 | |a 235p. : |b ill ; |c 22cm. | ||
| 650 | 0 | 0 | |a Industrial relations |
| 999 | |a 033968 |b BUKU |c PINJAMAN |e PERPUSTAKAAN KOMUNITI PETALING JAYA | ||